00969 a2200205 4500003000500000005001700005040000900022082001400031245009700045250001100142260002600153300000900179505032900188538002900517600002400546650005800570942001200628999001900640952010400659Nust20170207153201.0 cNust a621.31934 aReference data and general information for cable userscStandard Telephones & Cables Limited a2nd ed aAldwychbLondonc1990 a36 p aCable Size Formula (Page-1), Circular Conductors, Sectional Area Weight And Resistance (Page-13), Conductors For Flexible Cords (Page-15), Conversion Table (Page-16), Current For AC Motors (Page-20), Current For D.C. Motors (Page-21), Fuse Wire Table (Page-24), Thickness Of Bedding, Armoring And Overall Serving (Page-36). aAlmirah No.32 Shelf No 1 aStandard Telephones aReference data and gneral information for cable users 2ddccBK c180977d180977 00102ddc40708NFICaMCSbMCSd2016-12-12l0o621.31934 STApMCS6641r2016-12-08w2016-12-12yBK